Sharh Majanị al-adab fī ḥada'iq al-ʻArab /

Saved in:

Other Authors: Cheikho, Louis, 1859-1927.

Format: Book

Language: Arabic

Published: Bayrūt : Maṭbaʻat al-Aba al-Yasu'iyin, 1886-1888.

Subjects:

Tags: Add Tag

No Tags, Be the first to tag this record!

Call Number: ( RA )PJ7601 .M263 v.1-3

LEADER 01207namaa2200265 4500
001 18539
003 OSt
005 20240527113603.0
008 130303m18861888le 000 0 ara d
952 |0 0  |1 0  |2 lcc  |3 V.1  |4 0  |7 1  |9 10482  |a ARCE  |b ARCE  |d 2021-02-18  |l 0  |o ( RA )PJ7601 .M263 v.1-3  |p 1033336  |r 2021-02-18 00:00:00  |w 2021-02-18  |y BK 
952 |0 0  |1 0  |2 lcc  |3 V.2  |4 0  |7 1  |9 64104  |a ARCE  |b ARCE  |d 2024-03-06  |l 0  |o ( RA )PJ7601 .M263 v.1-3  |p 1033337  |r 2024-03-06 00:00:00  |w 2024-03-06  |y BK 
952 |0 0  |1 0  |2 lcc  |3 V.3  |4 0  |7 1  |9 64105  |a ARCE  |b ARCE  |d 2024-03-06  |l 0  |o ( RA )PJ7601 .M263 v.1-3  |p 1033338  |r 2024-03-06 00:00:00  |w 2024-03-06  |y BK 
999 |c 18991  |d 18991 
010 |a 86962331 
040 |c ARCE Library 
050 4 |a ( RA )PJ7601 .M263 v.1-3 
245 0 0 |6 880-02  |a Sharh Majanị al-adab fī ḥada'iq al-ʻArab /   |c li-aḥad al-aba al-Yasu'iyin. 
246 3 0 |a Majanị al-adab fī ḥada'iq al-ʻArab. 
264 1 |a Bayrūt :  |b Maṭbaʻat al-Aba al-Yasu'iyin,  |c 1886-1888. 
300 |a 3 volumes ;   |c 20 cm. 
650 0 |a Arabic literature  |x History and criticism. 
700 1 |a Cheikho, Louis,  |d 1859-1927. 
880 1 0 |6 245-02/(3/r  |a شرح مجاني الأدب في حدائق العرب  
901 |a reviewed 
942 |c BK  |2 lcc